Špekulatívna registrácia doménových mien a nekalá súťaž

Problematika doménových mien a ich právna úprava. Cybersquatting. Nekalá súťaž a odlišné ponímanie súťažiteľa vo svete internetu. Najčastejšie porušenie skutkových podstát nekalej súťaže v dôsledku používania doménových mien. Riešenie doménových sporov.

Salvato in:
Dettagli Bibliografici
Autore principale: Zajacová, Jana
Natura: Capitolo di libro
Lingua:slovacco
Soggetti:
Tags: Aggiungi Tag
Nessun Tag, puoi essere il primo ad aggiungerne!!

MARC

LEADER 00000naa$a2200000$$$4500
001 0067868
005 20231127085851.6
041 0 |a slo 
044 |a SK 
245 1 0 |a Špekulatívna registrácia doménových mien a nekalá súťaž  |c Jana Zajacová 
520 |a Problematika doménových mien a ich právna úprava. Cybersquatting. Nekalá súťaž a odlišné ponímanie súťažiteľa vo svete internetu. Najčastejšie porušenie skutkových podstát nekalej súťaže v dôsledku používania doménových mien. Riešenie doménových sporov. 
610 2 0 |a internet 
610 2 0 |a súťaž nekalá 
610 2 0 |a spotrebitelia 
610 2 0 |a reklama klamlivá 
100 1 |a Zajacová, Jana